Základné ukazovatele za ubytovacie zariadenia cestovného ruchu SR za rok 2014

Saved in:
Bibliographic Details
Format: Book
Language:Slovak
English
Published: Bratislava Štatistický úrad Slovenskej republiky 2015
Series:Podnikové štatistiky
Subjects:
Tags: Add Tag
No Tags, Be the first to tag this record!

MARC

LEADER 00000nlm$a2200000$$$4500
001 0209421
005 20260223133535.8
041 0 |a slo 
041 0 |a eng 
044 |a SK 
245 1 0 |a Základné ukazovatele za ubytovacie zariadenia cestovného ruchu SR za rok 2014 
264 1 |a Bratislava  |b Štatistický úrad Slovenskej republiky  |c 2015 
300 |a 47 s. 
490 1 |a Podnikové štatistiky 
830 0 |a Podnikové štatistiky 
500 |a Zdroj dokumentu: Štatistický úrad SR 
610 2 0 |a Slovensko 
610 2 0 |a ruch cestovný 
610 2 0 |a zariadenia ubytovacie